000
00263nam a2200097Ia 4500
001
727559
005
20250826163451.0
008
250824s9999 xx 000 0 und d
245
0
_a
BÜYÜKADA NIN KÜÇÜK DEDEKTİFLERİ
_c
AYŞEGÜL ÇETİNER
260
_b
BU YAYINEVİ
999
_c
727559
_d
727559